| 000 | 01041nam a2200301 i 4500 | ||
|---|---|---|---|
| 001 | 000005857 | ||
| 003 | DO-SdBNP | ||
| 005 | 20230531102954.0 | ||
| 007 | ta | ||
| 008 | 090824s200? dr 001 0 spa d | ||
| 040 |
_aDO-SdBNP _bspa _cBNPHU _erda |
||
| 082 |
_bD671 _222 |
||
| 100 | _923790 | ||
| 245 | 1 | 0 |
_aDominicano conoce tu constitución : _bpara cumplir con tus deberes y reclamar tus derechos / _cDionis Durán González, presidente del Centro de Estudios y Desarrollo Humano |
| 264 |
_aSanto Domingo : _bCEDHUM, _c[sin fecha] |
||
| 300 |
_a47 paginas. ; _c26 cm. |
||
| 336 |
_2rdacontent _atexto _btxt |
||
| 337 |
_2rdamedia _asin mediación _bn |
||
| 338 |
_2rdacarrier _avolumen _bnc |
||
| 590 | _aInventariado, 2023/ DG | ||
| 650 | 4 |
_aDerecho laboral _zRepública Dominicana _97337 |
|
| 650 | 4 |
_aDerecho procesal _zRepública Dominicana _913091 |
|
| 650 | 4 |
_aDerecho penal _zRepública Dominicana _916470 |
|
| 650 | 4 |
_aLegislacion laboral _916517 |
|
| 650 | 4 |
_aDerecho al trabajo _916432 |
|
| 910 | _aDG | ||
| 942 |
_2ddc _cLF2 |
||
| 999 |
_c53659 _d53659 |
||